نگا ر شا ت میر محبو ب حسین / (Record no. 148971)

MARC details
000 -LEADER
fixed length control field 00757nam a22001937a 4500
005 - DATE AND TIME OF LATEST TRANSACTION
control field 20230712124524.0
010 ## - LCCN (DPL NO)
LC control number UR-10007
020 ## - INTERNATIONAL STANDARD BOOK NUMBER
International Standard Book Number 9789350736876
Terms of availability 150.00
035 ## - SYSTEM CONTROL NUMBER
System control number U-8562
037 ## - SOURCE OF ACQUISITION
Source of stock number/acquisition DBAD/PUB
082 ## - DEWEY DECIMAL CLASSIFICATION NUMBER
Classification number 840
100 ## - MAIN ENTRY--PERSONAL NAME
Personal name میر محبو ب حسین
245 ## - TITLE STATEMENT
Title نگا ر شا ت میر محبو ب حسین /
Statement of responsibility, etc میر محبو ب حسین
246 ## - VARYING FORM OF TITLE
Remainder of title Nigarshaat-e-Meer Mahboob Hussain /
Title proper/short title by Meer Mahboob Hussain
260 ## - PUBLICATION, DISTRIBUTION, ETC. (IMPRINT)
Place of publication, distribution, etc Delhi
Name of publisher, distributor, etc Educational Publishing House
Date of publication, distribution, etc 2015
270 ## - ADDRESS
Address 3191,Vakil Street,Kucha Pandit,Lal Kuan,
City Delhi
Postal code 110006
Telephone number 23214465
Fax number -
300 ## - PHYSICAL DESCRIPTION
Extent 136 ص
Dimensions 22cm(Hb)
942 ## - ADDED ENTRY ELEMENTS (KOHA)
Source of classification or shelving scheme Dewey Decimal Classification
Item type Urdu Bks
Classification part 840
Call number suffix م ی ر
Holdings
Withdrawn status Lost status Not for loan Collection code Home library Current library Date acquired Source of acquisition Cost, normal purchase price Full call number Barcode Copy number Cost, replacement price Koha item type
      Non-fiction Ashok Vihar Ashok Vihar 08/01/2018 DBAD/PUB. 150.00 840 م ی ر U-8562 1 150.00 Urdu Bks

© Delhi Public Library
Hit Counter
free hit counter